Statistics for Largest ports in Africa

Click here to take the quiz!

General Stats

  • This quiz has been taken 59 times
  • The average score is 6 of 10

Answer Stats

CountryAnswer% Correct
NigeriaLagos
100%
DjiboutiDjibouti City
91%
South AfricaDurban
91%
TanzaniaDar es Salaam
89%
KenyaMombasa
80%
EgyptPort Said
52%
NamibiaWalvis Bay
24%
MozambiqueBeira
15%
South AfricaRichards Bay
11%
South AfricaSaldanha Bay
7%

Score Distribution

Percentile by Number Answered

Percent of People with Each Score

Your Score History

You have not taken this quiz